Capitales du monde - Carte - Statistiques

Statistiques générales
  • Ce quiz a été pris 2 346 fois
  • Le résultat moyen est 106 sur 196
Réponses sur la Carte
Les réponses sont colorées sur une échelle allant du rouge au vert en fonction du pourcentage des utilisateurs qui les ont devinées à leur premier essai. Vous pouvez retrouver ces pourcentages ci-dessous.
 
Statistiques - réponses
Country % Correct
Paris
93%
Washington
91%
Madrid
90%
Moscou
90%
Lisbonne
89%
Londres
89%
Mexico
89%
Rome
89%
Berlin
88%
Brasilia
87%
Ottawa
87%
Dublin
86%
Pékin
86%
Alger
85%
Bruxelles
85%
Kiev
85%
Oslo
85%
Tokyo
85%
Athènes
84%
Berne
84%
Amsterdam
82%
Buenos Aires
82%
Tunis
82%
Canberra
81%
New Delhi
81%
Varsovie
81%
Copenhague
80%
Luxembourg
80%
Budapest
79%
Helsinki
79%
Le Caire
79%
Stockholm
79%
Vienne
79%
Ankara
78%
Bucarest
78%
Rabat
78%
Séoul
77%
Lima
76%
Zagreb
75%
Prague
74%
Sofia
74%
Bogota
72%
Dacca
72%
Monaco
72%
Reykjavik
72%
Santiago
72%
Andorre la Vieille
71%
Minsk
71%
Panama
70%
Vatican
70%
Jérusalem
69%
Montevideo
69%
Riga
69%
Tallinn
68%
Bangkok
67%
Jakarta
67%
La Valette
67%
Pyongyang
67%
La Havane
66%
Sarajevo
66%
Vilnius
66%
La Paz
65%
Saint-Marin
65%
Tirana
65%
Bagdad
64%
Belgrade
64%
Téhéran
64%
Caracas
63%
Dakar
63%
Quito
63%
Riyad
63%
Abou Dabi
62%
Bratislava
62%
Ljubljana
61%
Manille
61%
Wellington
60%
Guatemala
59%
Hanoï
59%
Kaboul
59%
Oulan Bator
59%
Beyrouth
58%
Damas
58%
Nicosie
58%
Tripoli
58%
Brazzaville
57%
Chisinau
57%
Doha
57%
Skopje
57%
Vaduz
57%
Islamabad
56%
Koweït
56%
Nairobi
56%
Pristina
56%
Singapour
56%
Asuncion
55%
Bamako
55%
Djibouti
54%
Kuala Lumpur
54%
Pretoria
54%
San Salvador
54%
Antananarivo
53%
Bakou
53%
Kingston
53%
Kingstown
53%
Port au Prince
53%
Taipei
53%
Erevan
52%
Podgorica
51%
Katmandou
50%
Sanaa
50%
San José
50%
Tbilissi
50%
Libreville
49%
Noursoultan
49%
Amman
48%
Georgetown
48%
Ouagadougou
48%
Saint Domingue
48%
Phnom Penh
46%
Addis-Abeba
45%
Sao Tomé
45%
Yaoundé
45%
Freetown
44%
Vientiane
44%
Bissau
43%
Managua
43%
Tegucigalpa
43%
Yamoussoukro
43%
Khartoum
42%
Mascate
42%
Paramaribo
42%
Accra
41%
Lomé
41%
Luanda
41%
Nassau
41%
Nouakchott
41%
Belmopan
40%
Malé
40%
Mogadiscio
39%
Niamey
39%
Conakry
38%
Manama
38%
Abuja
37%
Bichkek
37%
Port Louis
37%
Tachkent
37%
Maputo
36%
N'Djaména
36%
Victoria
36%
Bangui
35%
Port d'Espagne
35%
Windhoek
35%
Douchanbé
34%
Kigali
34%
Praia
34%
Achgabat
33%
Dili
33%
Porto-Novo
33%
Dodoma
32%
Harare
32%
Naypyidaw
32%
Asmara
31%
Banjul
31%
Port Moresby
31%
Thimphou
31%
Kampala
30%
Lusaka
30%
Monrovia
30%
Bandar Seri Begawan
29%
Gaborone
29%
Roseau
29%
Saint John's
29%
Bridgetown
28%
Djouba
28%
Moroni
28%
Saint Georges
28%
Lilongwe
27%
Maseru
27%
Mbabane
27%
Basseterre
26%
Castries
25%
Malabo
25%
Suva
25%
Gitega
23%
Port Vila
23%
Apia
22%
Funafuti
21%
Sri Jayawardenapura
21%
Palikir
19%
Yaren
19%
Nuku'alofa
18%
Majuro
17%
Ngerulmud
17%
Tarawa
17%
Honiara
16%
Aucun quiz correspondant
Distribution des résultats
% des personnes avec chaque résultat
Percentile par nombre de réponses
Votre historique - résultats
Vous n’avez pas pris ce quiz